[Event "Bresso op 4th"]
[Site "Bresso"]
[Date "2004.06.12"]
[Round "3"]
[White "Ducci, Roberto"]
[Black "Berni, Francesco"]
[Result "1-0"]
[WhiteElo "1748"]
[BlackElo "1685"]
[PlyCount "41"]
[EventDate "2004.06.10"]
[EventType "swiss"]
[EventRounds "6"]
[EventCountry "ITA"]
[SourceTitle "EXT 2007"]
[Source "ChessBase"]
[SourceDate "2006.11.23"]
[SourceVersion "1"]
[SourceVersionDate "2006.11.23"]
[SourceQuality "1"]

1. e4 c5 2. Nc3 Nc6 3. f4 d6 4. Nf3 a6 5. g3 e6 6. Bg2 Nf6 7. d3 Be7 8. 0-0 Qc7 9. h3 Rb8 10. Be3 0-0 11. Qd2 b5 12. Qf2 Re8 13. e5 dxe5 14. fxe5 Nxe5 15. Nxe5 Bd6 16. Nf3 Bxg3 17. Qd2 Rd8 18. Ne2 Ne4 19. Qc1 Nf6 20. Nxg3 Qxg3 21. Bf4 1-0

[Event "Bresso op 4th"]
[Site "Bresso"]
[Date "2004.06.11"]
[Round "2"]
[White "Berni, Francesco"]
[Black "Bonarrigo, Marco"]
[Result "1-0"]
[WhiteElo "1685"]
[BlackElo "1826"]
[PlyCount "89"]
[EventDate "2004.06.10"]
[EventType "swiss"]
[EventRounds "6"]
[EventCountry "ITA"]
[SourceTitle "EXT 2007"]
[Source "ChessBase"]
[SourceDate "2006.11.23"]
[SourceVersion "1"]
[SourceVersionDate "2006.11.23"]
[SourceQuality "1"]

1. e4 e6 2. d4 d5 3. Nd2 Nf6 4. e5 Nfd7 5. c3 c5 6. Ndf3 Nc6 7. a3 a5 8. Bd3 f6 9. exf6 Nxf6 10. Nh3 Bd6 11. 0-0 0-0 12. Re1 Qc7 13. Nhg5 e5 14. dxe5 Nxe5 15. Nxe5 Bxe5 16. h3 g6 17. Nf3 Bd6 18. Bh6 Rd8 19. Qd2 Bd7 20. Qg5 Kf7 21. Nh4 Rg8 22. Re3 Rae8 23. Rf3 Re6 24. Re3 Rxe3 25. Qxe3 Re8 26. Qg5 Re5 27. Bxg6+ hxg6 28. Qxg6+ Ke6 29. f4 Be8 30. f5+ Kd7 31. Qxf6 Kc8 32. Bf4 b5 33. Bxe5 Bxe5 34. Qf8 Kd8 35. Re1 Qd6 36. Qxd6+ Bxd6 37. Kf2 Bf7 38. g4 Be7 39. Nf3 b4 40. Ne5 Bh4+ 41. Ke2 Bxe1 42. Nxf7+ Ke7 43. Kxe1 Kxf7 44. cxb4 axb4 45. axb4 1-0